High temperature superconductivity : (Record no. 11762)

MARC details
000 -LEADER
fixed length control field 01076cam a2200301 i 4500
001 - CONTROL NUMBER
control field 11832432
003 - CONTROL NUMBER IDENTIFIER
control field EG-ScBUE
005 - DATE AND TIME OF LATEST TRANSACTION
control field 20250624084939.0
008 - FIXED-LENGTH DATA ELEMENTS--GENERAL INFORMATION
fixed length control field 990813t1998 ii a f b 100 0 eng
020 ## - INTERNATIONAL STANDARD BOOK NUMBER
International Standard Book Number 8173191557
035 ## - SYSTEM CONTROL NUMBER
System control number (DLC) 99937336
040 ## - CATALOGING SOURCE
Original cataloging agency EG-ScBUE
Language of cataloging eng
Description conventions rda
Transcribing agency EG-ScBUE
Modifying agency EG-ScBUE
082 04 - DEWEY DECIMAL CLASSIFICATION NUMBER
Classification number 537.623
Edition number 22
Item number HIG
245 00 - TITLE STATEMENT
Title High temperature superconductivity :
Remainder of title ten years after its discovery /
Statement of responsibility, etc editors, K. B. Garg, S. M. Bose.
264 #1 - PUBLICATION, DISTRIBUTION, ETC. (IMPRINT)
Place of publication, distribution, etc New Delhi :
Name of publisher, distributor, etc Narosa Publishing House,
Date of publication, distribution, etc [1998]
264 #4 - PUBLICATION, DISTRIBUTION, ETC. (IMPRINT)
Date of publication, distribution, etc c1998
300 ## - PHYSICAL DESCRIPTION
Extent xi, 437 pages :
Other physical details illustrations ;
Dimensions 25 cm
336 ## - CONTENT TYPE
Source rdacontent
Content type term text
Content type code txt
337 ## - MEDIA TYPE
Media type term unmediated
Source rdamedia
Media type code n
338 ## - CARRIER TYPE
Carrier type term volume
Carrier type code nc
Source rdacarrier
504 ## - BIBLIOGRAPHY, ETC. NOTE
Bibliography, etc Includes bibliographical references.
520 ## - SUMMARY, ETC.
Summary, etc Collection of papers presented at a workhop.
650 #7 - SUBJECT ADDED ENTRY--TOPICAL TERM
Topical term or geographic name as entry element High temperature superconductivity.
9 (RLIN) 5879
Source of heading or term BUEsh
655 ## - INDEX TERM--GENRE/FORM
Form subdivision Reading book
700 1# - ADDED ENTRY--PERSONAL NAME
Personal name Garg, K. B.
Fuller form of name (Krishna Behari),
Dates associated with a name 1935-
9 (RLIN) 5880
Relator term editor.
700 1# - ADDED ENTRY--PERSONAL NAME
Personal name Bose, S. M.
Fuller form of name (Shyamalendu M.),
Dates associated with a name 1939-
9 (RLIN) 5881
Relator term editor.
942 ## - ADDED ENTRY ELEMENTS (KOHA)
Source of classification or shelving scheme Dewey Decimal Classification
Koha item type Book - Borrowing
Holdings
Withdrawn status Lost status Source of classification or shelving scheme Damaged status Not for loan Collection code Home library Current library Shelving location Date acquired Source of acquisition Cost, normal purchase price Total Checkouts Full call number Barcode Date last seen Koha item type
    Dewey Decimal Classification     Alef-Baa Central Library Central Library First floor 08/06/2009 Purchase 150.00   537.623 HIG 000016744 15/07/2025 Book - Borrowing